01275cam a22003131 4500001001300000003000400013005001700017008004100034010001700075035001900092040004700111050002100158051003100179082000800210110006300218245010700281260002300388300005100411490002100462500010700483500005900590504003000649650006100679650004100740700005400781700003000835810007900865999001700944gs 44000042 DLC20260227111349.0780228s1943 msuab b 000 0 eng c ags 44000042  a(OCoLC)3677814 aU.S. Geol. Survey. LibrarycOTdOCoLCdDLC00aQE129b.A2 no 57 aTN24.M7bA5 1943acCopy 2. a5532 aMississippi Geological, Economic, and Topographical Survey00aMonroe County mineral resources: Geology,cby Franklin Earl Vestal; Tests, by Thomas Edwin McCutcheon. aUniversity,c1943. a218 p.billus., maps (1 fold.) tables.c23 cm.1 aIts Bulletinv57 a"Prepared in cooperation with the Monroe County citizens and the WPA as a report on O.P. 65-1-62-137." aAt head of title: Mississippi State Geological Survey. a"References": p. 173-175. 0aMines and mineral resourceszMississippizMonroe County. 0aGeologyzMississippizMonroe County.1 aVestal, Franklin E.q(Franklin Earl),d1884-1969.1 aMcCutcheon, Thomas Edwin.2 aMississippi Geological, Economic, and Topographical Survey.tBulletinv57. c27955d27955